Statistics for Fortnite Named Places New

Click here to take the quiz!

General Stats

  • This quiz has been taken 9,957 times
    (9,247 since last reset)
  • The average score is 11 of 20

Answer Stats

InitialsNamed Place% Correct
TTtilted towers
87%
PPpleasant park
76%
SSsalty springs
71%
RRretail row
67%
LLloot lake
60%
GGgreasy grove
59%
WWwailing woods
59%
DDdusty divot
54%
FFfatal fields
54%
JJjunk junction
52%
LLlucky landing
51%
PPparadise palms
51%
HHhaunted hills
49%
LLlonely lodge
46%
FFflush factory
44%
SSsnobby shores
42%
LLlazy links
41%
RRrisky reels
38%
SSshifty shaft
38%
TTtomato town
38%

Score Distribution

Percentile by Number Answered

Percent of People with Each Score

Your Score History

You have not taken this quiz since the last reset